| 000 | 00814nkm a22002417a 4500 | ||
|---|---|---|---|
| 008 | 110920s2009 nyu|||||r|||| 001 0 eng d | ||
| 020 | _a0071613056 | ||
| 020 | _a9780071613057 | ||
| 082 |
_222 _a616.07 _bBAR |
||
| 100 |
_927325 _aBaron, Suzanne J. |
||
| 245 |
_aLange Pathology Flash Cards _h[flash card] / _cSuzanne J. Baron & Christoph I. Lee. |
||
| 246 | _aMicrobiology & Infectious Diseases | ||
| 250 | _a2nd ed. | ||
| 260 |
_aNew York : _bMcGraw-Hill Medical Books , 2009 _c2009 |
||
| 300 |
_a277 flash cards : _bdouble sided, col. ; _c11 x 16 cm. |
||
| 504 | _aIncludes bibliographical references p.278 and index | ||
| 650 |
_93807 _aPathology. _2BUEsh |
||
| 650 |
_923979 _aGenetics. _2BUEsh |
||
| 651 | _2BUEsh | ||
| 653 | _cSeptember2011 | ||
| 700 |
_910723 _aLee, Christopher. |
||
| 942 |
_2ddc _cFC |
||
| 999 |
_c16069 _d16069 |
||